LEADER 00955nam a2200241 u 4500 001 000000065475 003 CaOOAMICUS 005 20070226121453.0 008 011207m1841 it u000 u ita u 035 $a10913204 040 $aPUL(R)$bita 100 1 $aRosmini Serbati, Antonio,$cI.D.C.,$d1797-1855.$0(OLS)http://pul/name/586 245 10$aFilosofia del diritto /$cdi Antonio Rosmini-Serbati .. 260 $aMilano :$bBoniardi-Pogliani,$c<1841- >. 300 $av. <1 > ;$c24 cm 504 $aBibliografia in nota. 650 4$aFilosofia del diritto.$0(OLS)http://pul/subject/620 850 $aPUL 852 $aPUL$W1$xDP1 Antico 800$y27$m92 A 26$j84764$nBK-PRI$b $qStampati Antico$B84764$CPULBib$Z2$F84764 $H $81 941 1 $a15 960 $aDiritto$xFilosofia$9620 996 $6245$aFilosofia del diritto$9(OLS)http://pul/title/13165 996 $6260$aMilano :$bBoniardi-Pogliani$9(OLS)http://pul/publisher/57858